|
|
|
|
| LEADER |
00000cam a2200000 7i4500 |
| 001 |
0000002726 |
| 005 |
20031229.0 |
| 090 |
0 |
0 |
|a 551.76
|b RIS 1974
|
| 100 |
1 |
0 |
|a RISHWORTH
|h D. E. H.
|
| 245 |
1 |
4 |
|a The Upper Mesozoic terrigenous Gagau Group of Peninsular Malaysia
|c by D. E. H. Rishworth
|
| 260 |
0 |
0 |
|a Kuala Lumpur :
|b Ministry of Primary Industries ,
|c 1974
|
| 300 |
|
|
|a xiii, 78 p., [4] fold. leaves of plates :
|b ill. ;
|c 26 cm.
|
| 440 |
0 |
0 |
|a Geological Survey of Malaysia special paper; no. 1
|
| 500 |
0 |
0 |
|a Includes bibliography: p. [68]-69 and index
|
| 650 |
0 |
0 |
|a Geology, Stratigraphic
|x Mesozoic
|z Peninsular Malaysia
|
| 650 |
0 |
0 |
|a Geology
|z Peninsular Malaysia
|
| 998 |
|
|
|a JPSM
|
| 999 |
|
|
|a 0000003757
|b Monograph
|c Open Shelf
|e Default branch
|